Československo lexikon turistických zaujímavostí

Bibliographic Details
Main Authors: Adamec, Vladimír (Author), Hosnedl, Jiří (Author), Hobzek, Josef, 1908-1989 (Author), Hosnedlová, Marie (Author), Lion, Milan (Author), Šamánková, Eva, 1923-1996 (Author), Vulterin, Zdeněk, 1916-1990 (Author)
Other Authors: Hamza, Jozef (Translator), Pospíšil, Přemysl (Illustrator), Rada, Miroslav (Illustrator), Belický, Karol, 1937-2016 (Photographer), Borodáč, Ladislav, 1933-1992 (Photographer), Sekal, Josef, 1936- (Photographer), Michaláč, Jozef, 1944- (Cover designer)
Format: Book
Language:Slovak
Czech
PhysicalDescription:576 s., 75,64 AH ilustr. 25 cm
Published: Bratislava Šport 1980
Edition:1. vyd.
Subjects:

MARC

LEADER 00000cam a2200000 a 4500
001 vtls001101381
003 SK-MaSNL
005 20260311120927.0
008 240315s1980 xo a 00000 slo
015 |a SNBA1981 
035 |a SNK000044223 
040 |a SNK  |b slo  |c SNK  |e AACR2 
041 1 |a slo  |h cze 
044 |a xo  |a xr  |c SK  |c CZ 
080 |a 908.437(038)  |2 1981 
100 1 |a Adamec, Vladimír  |4 aut  |9 279345 
245 1 0 |a Československo  |b lexikon turistických zaujímavostí  |c aut.: Vladimír Adamec, Jiří Hosnedl a kol. ; z čes. rkp. prel. Jozef Hamza ; ilustr. Přemysl Pospíšil, Miroslav Rada ; fareb. fot. na ob. Karol Belický, Ladislav Borodáč, Jozef Sekal ; ob. navrhol Jozef Michaláč 
250 |a 1. vyd. 
260 |a Bratislava  |b Šport  |c 1980 
300 |a 576 s., 75,64 AH  |b ilustr.  |c 25 cm 
366 |e 25000 výt. 
500 |a Spoluvyd. Olympia, Praha 
650 0 7 |a vlastiveda  |2 SNKPH  |9 3887 
651 7 |a Československo  |2 SNKPH  |9 21376 
655 7 |a lexikóny  |2 SNKPH  |9 70702 
700 1 |a Hosnedl, Jiří  |4 aut  |9 279346 
700 1 |a Hobzek, Josef,  |d 1908-1989  |4 aut  |9 219817 
700 1 |a Hosnedlová, Marie  |4 aut  |9 279347 
700 1 |a Lion, Milan  |4 aut  |9 279348 
700 1 |a Šamánková, Eva,  |d 1923-1996  |4 aut  |9 219818 
700 1 |a Vulterin, Zdeněk,  |d 1916-1990  |4 aut  |9 253026 
700 1 |a Hamza, Jozef  |4 trl  |9 267431 
700 1 |a Pospíšil, Přemysl  |4 ill  |9 279349 
700 1 |a Rada, Miroslav  |4 ill  |9 279350 
700 1 |a Belický, Karol,  |d 1937-2016  |4 pht  |9 122693 
700 1 |a Borodáč, Ladislav,  |d 1933-1992  |4 pht  |9 36912 
700 1 |a Sekal, Josef,  |d 1936-  |4 pht  |9 83549 
700 1 |a Michaláč, Jozef,  |d 1944-  |4 cov  |9 107679 
958 |a OND 
999 |c 534539  |d 536469 
952 |t P60, <04>, [BOOK], {604}  |a SNK  |b SNK  |y VYP  |7 0  |p 17A0263570  |o snkSB 30968 D1  |i snkKSP 8868/80  |0 0  |1 0  |4 0  |d 2000-12-29  |l 0  |r 2004-12-31 00:00:00  |w 2026-02-23 
952 |a SNK  |b SNK  |y PREZ  |7 0  |p 17A0987616  |o snkSB 30968   |i snkKSP 8867/80  |0 0  |1 0  |4 0  |d 2012-07-30  |f 1  |l 0  |r 2025-04-04 00:00:00  |w 2026-02-23